[Event "SVK-ch U18/20"]
[Site "Tatralandia"]
[Date "2024.04.07"]
[Round "4"]
[White "Sevcik, Matej"]
[Black "Stevik, Patrik1"]
[Result "0-1"]
[WhiteElo "2087"]
[BlackElo "2213"]
[PlyCount "118"]
[EventDate "2024.04.05"]
[EventType "swiss"]
[EventRounds "9"]
[EventCountry "SVK"]
[SourceTitle "CB16_2024"]
[SourceDate "2024.04.17"]
[SourceVersion "1"]
[SourceVersionDate "2024.04.17"]
[SourceQuality "1"]

1. d4 d5 2. Nf3 c5 3. c4 e6 4. cxd5 exd5 5. g3 Nf6 6. Bg2 Nc6 7. 0-0 Be7 8. dxc5 Bxc5 9. a3 Ne4 10. Nfd2 0-0 11. Nxe4 dxe4 12. Qxd8 Rxd8 13. Bxe4 Bg4 14. Nc3 Bd4 15. Kg2 Bxc3 16. bxc3 Bxe2 17. Re1 Ba6 18. Bxc6 bxc6 19. Be3 Bc4 20. Bd4 a5 21. Rab1 a4 22. Re7 h5 23. Ra7 Rxa7 24. Bxa7 Rd3 25. Bd4 f6 26. Re1 Kf7 27. Re3 Rd2 28. Re1 g5 29. Be3 Rc2 30. Rc1 Ra2 31. Bc5 g4 32. Re1 Kg6 33. Rc1 Kf5 34. Re1 Be2 35. Bb4 Ke4 36. c4 Kd3 37. Rc1 Kd4 38. c5 Bd3 39. Kg1 Bc2 40. Kf1 Kc4 41. Ke2 Kd4 42. Kf1 f5 43. Kg1 Kd5 44. Kf1 Bd3+ 45. Kg1 Be2 46. Kg2 Ke6 47. Kg1 Kd7 48. Kg2 Kc8 49. Rb1 Kb7 50. Bd2+ Bb5 51. Bc1 Rc2 52. Be3 Rc3 53. Ra1 Ka6 54. Bd4 Rc2 55. Be3 Rc3 56. Bd4 Rd3 57. Be3 Bc4 58. Rb1 Rxa3 59. Rb6+ Ka7 0-1

[Event "Skalica op-A"]
[Site "Skalica"]
[Date "2023.08.24"]
[Round "6"]
[White "Sevcik, Matej"]
[Black "Svacina, Tobias"]
[Result "1-0"]
[WhiteElo "2072"]
[BlackElo "1912"]
[PlyCount "69"]
[EventDate "2023.08.19"]
[EventType "swiss"]
[EventRounds "9"]
[EventCountry "SVK"]
[SourceTitle "CBM 215 Extra"]
[Source "ChessBase"]
[SourceDate "2023.09.30"]
[SourceVersion "1"]
[SourceVersionDate "2023.09.30"]
[SourceQuality "1"]

1. d4 Nf6 2. c4 g6 3. g3 Bg7 4. Bg2 0-0 5. Nf3 d6 6. 0-0 Nc6 7. d5 Na5 8. Na3 c6 9. b4 Ne4 10. Be3 Bb2 11. bxa5 Qxa5 12. Nc2 c5 13. Bh6 Re8 14. Rb1 Nc3 15. Qd2 Qxa2 16. Rbe1 Ne4 17. Qf4 Bf6 18. Qxe4 Bf5 19. Qf4 Bxc2 20. Rc1 Qb3 21. e4 a5 22. e5 Bh8 23. Bh3 dxe5 24. Nxe5 f5 25. Bg2 Ra6 26. Nd7 Bd4 27. d6 exd6 28. Bd5+ Kh8 29. Rfe1 Raa8 30. Qxd6 Qb2 31. Qf4 Ba4 32. Nf8 Rxf8 33. Rb1 Qc2 34. Bxf8 g5 35. Bxc5 1-0

[Event "Skalica op-A"]
[Site "Skalica"]
[Date "2023.08.21"]
[Round "3"]
[White "Stevik, Patrik1111"]
[Black "Sevcik, Matej"]
[Result "1/2-1/2"]
[WhiteElo "2214"]
[BlackElo "2072"]
[PlyCount "139"]
[EventDate "2023.08.19"]
[EventType "swiss"]
[EventRounds "9"]
[EventCountry "SVK"]
[SourceTitle "CBM 215 Extra"]
[Source "ChessBase"]
[SourceDate "2023.09.30"]
[SourceVersion "1"]
[SourceVersionDate "2023.09.30"]
[SourceQuality "1"]

1. Nh3 d5 2. g3 e5 3. d4 exd4 4. Qxd4 Nf6 5. Bg2 Be7 6. 0-0 0-0 7. Nf4 c6 8. c4 dxc4 9. Qxc4 a5 10. Qc2 Na6 11. a3 Nc5 12. Rd1 Qc7 13. Be3 Ne6 14. Nc3 Ng4 15. Nxe6 Bxe6 16. Bd4 Nf6 17. e4 Rfd8 18. Na4 Nd7 19. Be3 b5 20. Nc5 Nxc5 21. Bxc5 Bb3 22. Qxb3 Bxc5 23. Rac1 Qb6 24. Qc2 Bd4 25. b4 axb4 26. axb4 Rac8 27. Bh3 Rc7 28. Kg2 g6 29. Qb3 c5 30. bxc5 Rxc5 31. Rb1 Bf6 32. Rd7 Rxd7 33. Bxd7 Qb7 34. Qd3 b4 35. Ba4 Rc3 36. Qd5 Qxd5 37. exd5 Rd3 38. Rxb4 Rxd5 39. Rb7 Re5 40. f4 Re7 41. Rb5 h5 42. Bb3 Kg7 43. h3 Rd7 44. Bd5 Rc7 45. Be4 Re7 46. Rb4 Ra7 47. h4 Be7 48. Rc4 f5 49. Bc2 Bd6 50. Ba4 Rc7 51. Rd4 Be7 52. Rd5 Bf6 53. Kh3 Kf7 54. Bb3 Kg7 55. Rb5 Be7 56. Rb8 Bf6 57. Ba4 Re7 58. Bb3 Rc7 59. Kg2 Ra7 60. Kf3 Re7 61. Bd5 Bd4 62. Rb3 Rc7 63. Ke2 Rd7 64. Bc4 Bf6 65. Bb5 Rb7 66. Kd3 Rb8 67. Kc4 Rc8+ 68. Kd3 Rb8 69. Rb1 Rb7 70. Rb3 1/2-1/2

[Event "SVK-chB op"]
[Site "Bratislava"]
[Date "2023.07.02"]
[Round "2"]
[White "Sevcik, Matej"]
[Black "Chlpik, Martin"]
[Result "1/2-1/2"]
[WhiteElo "2029"]
[BlackElo "2323"]
[PlyCount "157"]
[EventDate "2023.07.01"]
[EventType "swiss"]
[EventRounds "9"]
[EventCountry "SVK"]
[SourceTitle "CBM 215 Extra"]
[Source "ChessBase"]
[SourceDate "2023.09.30"]
[SourceVersion "1"]
[SourceVersionDate "2023.09.30"]
[SourceQuality "1"]

1. d4 d5 2. c4 e5 3. dxe5 Ne7 4. cxd5 Qxd5 5. Qxd5 Nxd5 6. a3 Nc6 7. Nf3 h6 8. e4 Nb6 9. Nc3 Be6 10. Bb5 0-0-0 11. 0-0 g5 12. Bxc6 bxc6 13. Rd1 Rxd1+ 14. Nxd1 Bg7 15. Bd2 Rd8 16. Bc3 Na4 17. Ne3 c5 18. h3 Nxc3 19. bxc3 Rd3 20. Rc1 c4 21. Kf1 Bf8 22. a4 Bc5 23. Ke2 Bxe3 24. fxe3 c5 25. Nd2 Kc7 26. Rc2 Rd8 27. Rb2 h5 28. Rb5 a6 29. Rb2 h4 30. Nf3 g4 31. Nxh4 gxh3 32. gxh3 Rh8 33. Nf5 Rxh3 34. Rd2 Rh2+ 35. Ke1 Rh1+ 36. Kf2 Ra1 37. Ne7 Rxa4 38. Nd5+ Kb7 39. Rb2+ Ka7 40. Ne7 Bd7 41. Rd2 Bb5 42. Nc8+ Kb8 43. Nd6 Ra3 44. Rc2 Kc7 45. Nxf7 Kd7 46. Nd6 Ke6 47. Nb7 Kxe5 48. Rd2 Rxc3 49. Nxc5 Ra3 50. Rd5+ Kf6 51. e5+ Ke7 52. Rd2 Ra1 53. e4 Rh1 54. Ke3 Rh3+ 55. Kd4 Kd8 56. e6 Ke7 57. Rf2 Rg3 58. Ra2 Kd6 59. e5+ Ke7 60. Nxa6 Rd3+ 61. Ke4 c3 62. Nc5 Rd2 63. Ra7+ Ke8 64. Ra8+ Ke7 65. Ra7+ Kd8 66. e7+ Ke8 67. Ne6 Rd7 68. Rxd7 Kxd7 69. Nc5+ Kxe7 70. Kd4 c2 71. Nb3 Ba4 72. Nc1 Ke6 73. Ne2 Kf5 74. Nc1 Kf4 75. e6 Kf3 76. Kd3 Kf4 77. e7 Kf5 78. e8B Bxe8 79. Kxc2 1/2-1/2

[Event "Skalica op-B"]
[Site "Skalica"]
[Date "2022.08.26"]
[Round "7"]
[White "Sevcik, Matej"]
[Black "Kubis, Ivan"]
[Result "1-0"]
[WhiteElo "1841"]
[BlackElo "1821"]
[PlyCount "73"]
[EventDate "2022.08.20"]
[EventType "swiss"]
[EventRounds "9"]
[EventCountry "SVK"]
[SourceTitle "CBM 209 Extra"]
[Source "ChessBase"]
[SourceDate "2022.09.30"]
[SourceVersion "1"]
[SourceVersionDate "2022.09.30"]
[SourceQuality "1"]

1. d4 Nf6 2. c4 e6 3. g3 d5 4. Bg2 dxc4 5. Nf3 Be7 6. 0-0 0-0 7. Qc2 a6 8. a4 Bd7 9. Qxc4 Bc6 10. Bf4 Bxf3 11. Bxf3 Nc6 12. Bxc6 bxc6 13. Nc3 Qd7 14. Rfd1 Rfb8 15. Rd2 Rb4 16. Qd3 h6 17. e4 Rb3 18. Rc1 a5 19. Rcc2 Bb4 20. f3 Rb8 21. Be5 Nh7 22. Qc4 Bd6 23. Kg2 Nf8 24. Bxd6 cxd6 25. Qa6 Qb7 26. Qxa5 e5 27. d5 Ra8 28. dxc6 Qxc6 29. Qd5 Qxd5 30. Rxd5 Ra6 31. Rb5 Rxb5 32. Nxb5 Ne6 33. b3 Nd4 34. Nxd4 exd4 35. Rc4 Rb6 36. b4 d3 37. Kf2 1-0

[Event "Skalica op-B"]
[Site "Skalica"]
[Date "2022.08.25"]
[Round "6"]
[White "Sevcik, Matej"]
[Black "Svoboda, Daniel"]
[Result "1-0"]
[WhiteElo "1841"]
[BlackElo "1655"]
[PlyCount "49"]
[EventDate "2022.08.20"]
[EventType "swiss"]
[EventRounds "9"]
[EventCountry "SVK"]
[SourceTitle "CBM 209 Extra"]
[Source "ChessBase"]
[SourceDate "2022.09.30"]
[SourceVersion "1"]
[SourceVersionDate "2022.09.30"]
[SourceQuality "1"]

1. d4 Nf6 2. c4 c5 3. d5 b5 4. Nd2 bxc4 5. e4 Ba6 6. Bxc4 Qa5 7. Qc2 d6 8. f4 g6 9. b3 Bg7 10. Bb2 0-0 11. Bc3 Qb6 12. Ngf3 Nbd7 13. 0-0 Ne8 14. e5 dxe5 15. fxe5 e6 16. Qd3 Bc8 17. Rae1 Nc7 18. d6 Na6 19. Ng5 Nb4 20. Qh3 h6 21. Nxf7 Nd5 22. Nxh6+ Bxh6 23. Qxe6+ Kh7 24. Rxf8 Bg7 25. Qf7 1-0

[Event "SVK-ch U16"]
[Site "Stara Lubovna"]
[Date "2022.05.23"]
[Round "3"]
[White "Sevcik, Matej"]
[Black "Sustek, Adam"]
[Result "1/2-1/2"]
[WhiteElo "1820"]
[BlackElo "1636"]
[PlyCount "62"]
[EventDate "2022.05.21"]
[EventType "swiss"]
[EventRounds "9"]
[EventCountry "SVK"]
[SourceTitle "CBM 208 Extra"]
[Source "ChessBase"]
[SourceDate "2022.07.31"]
[SourceVersion "1"]
[SourceVersionDate "2022.07.31"]
[SourceQuality "1"]

1. d4 e6 2. c4 d5 3. Nf3 Nf6 4. g3 Be7 5. Bg2 0-0 6. 0-0 dxc4 7. Qc2 a6 8. a4 Bd7 9. Qxc4 b5 10. Qc2 bxa4 11. Ne5 Nd5 12. Nc3 Nb4 13. Qd1 N8c6 14. Nxa4 Rb8 15. Nf3 Na7 16. e4 Bb5 17. Re1 Bd3 18. Re3 Bc2 19. Qe2 c5 20. d5 Nb5 21. Bd2 Nd4 22. Nxd4 cxd4 23. Rea3 d3 24. Qg4 exd5 25. exd5 Nxd5 26. Bh6 Bf6 27. Be4 Ne7 28. Bf4 Rb4 29. Bd2 Rxa4 30. Rxa4 Bxa4 31. Rxa4 Bxb2 1/2-1/2